000 00804nam a22002297a 4500
005 20100809095950.0
010 _aENG-98991
020 _a9788186307205
_c495.00
035 _aEN-82523
037 _bDBAD/PUB
082 _a320
100 _aBhagawati, Dhiren
_98973
245 _aEngaging freedom :
_bsome reflections on politics, theory and ideology /
_cby Dhiren Bhagwati
260 _aGuwahati
_bDVS Publishers
_c2009
270 _aH. B. Road, Panbazar,
_bGuwahati
_e781001
300 _a220p.
_c22cm (Hb)
500 _aIncludes bibliographical references and index
650 _aIndia- assam
_98974
650 _aPolitical science
_98975
942 _2ddc
_cEN
_h320
_mBHA
999 _c40226
_d40226